JR西日本 大阪環状線発車メロディ - Statistics

General Stats
  • This quiz has been taken 66 times
  • The average score is 10 of 19
Answer Stats
Hint Answer % Correct
大阪駅 やっぱ好きやねん
87%
桜ノ宮駅 さくらんぼ
75%
森ノ宮駅 森のくまさん
73%
天満駅 花火
71%
大阪城公園駅 法螺貝
67%
西九条駅 アメリカン・パトロール
63%
天王寺駅 あの鐘を鳴らすのはあなた
62%
鶴橋駅 ヨーデル食べ放題
62%
弁天町駅 線路は続くよどこまでも
60%
新今宮駅 交響曲第9番「新世界より」
54%
野田駅 一週間
52%
玉造駅 メリーさんのひつじ
48%
今宮駅 大黒様
42%
桃谷駅 酒と泪と男と女
40%
大正駅 てぃんさぐぬ花
38%
福島駅 夢想花
35%
京橋駅 ゆかいな牧場
31%
芦原橋駅
27%
寺田町駅 Life Goes On
25%
No matching quizzes found
Score Distribution
Percent of People with Each Score
Percentile by Number Answered
Your Score History
You have not taken this quiz